000 01033cab a2200229 4500
001 ABS68198
008 041001n2004 000 0 eng u
035 _a(Sirsi) u127591
245 _aConstruction's top 100
260 _c2004
490 _aConstruction News
_v Supplement September 2004 (22) (LOAN)
520 _aSpecial report on the financial state of the construction industry, including reports on PFI, house-builders, hirers, small firms and mergers. Details the top 100 contractors giving a breakdown by turnover, profit, net worth, number of employees and average wage. Also gives details of the top 25 materials suppliers, plant and equipment suppliers and mergers and acquisitions from 1 June 2003 to 1 July 2004.
590 _aABS
650 _aRANKINGS
650 _aBUILDING CONTRACTORS
650 _aCONSTRUCTION INDUSTRY
650 _aBUILT ENVIRONMENT-BUILDING MATERIALS
650 _aPLANT AND MACHINERY
650 _aHOUSE BUILDERS
690 _aBUILT ENVIRONMENT-CONSTRUCTION MARKET
942 _n0
999 _c74555
_d74555